=LDR 00000nam 2200000 4500 =001 INLIS000000000025167 =005 20130612123710 =008 ***********************************Ind** =035 ##$$0010-061300000025167 =041 ##$$a Ind =082 ##$$a 343.08 =090 ##$$a 343.08, Bad b =100 ##$$a Badrulzaman, Mariam Darus =245 ##$$a Bab-bab tentang credietverband gadai =260 ##$$a 1991 $b Bandung =300 ##$$a xvi,304 hlm, 22 cm =650 ##$$a Hukum Jaminan =850 ##$$a NBPNMAT